000 00376nam a2200145Ia 4500
005 20250729165751.0
008 250729s2016 xx 000 0 und d
041 _akan
082 _a530 KARV
100 _aKarnataka Government
_9232505
245 _aVijnana - 8th Std
260 _aBangalore
_bKarnataka Text Book Socity
_c2016
300 _a314p
650 _aScience
_9232506
999 _c239816
_d239816